000 00281nam a2200121Ia 4500
005 20251222152042.0
008 251222s9999||||xx |||||||||||||| ||spa||
082 _a636.089 J42
100 _aJara Galarreta, Wilmer
245 0 _aProstaglandinas:
264 _bEDITEC
942 _cLIB
999 _c26086
_d26086